| 000 | 01038nam a22002417a 4500 | ||
|---|---|---|---|
| 999 |
_c59477 _d59477 |
||
| 003 | Ge_BSU | ||
| 005 | 20230227161301.0 | ||
| 008 | 230227s2003 ge ||||| |||| 00| 0 geo d | ||
| 020 | _a9992898372 | ||
| 041 | _ageo | ||
| 080 | _a343.143+343.953 თ-80 | ||
| 100 |
_aთრენკელი, ერნ _99299 |
||
| 245 |
_aმოწმის ჩვენების ფსიქოლოგია / _cერნ თრენკელი ; [ინგლ. თარგმნა გიორგი დოლიძემ]. |
||
| 264 |
_aთბილისი : _bბონა კაუზა, _c2003. |
||
| 300 |
_a140 გვ. ; _b20 სმ. |
||
| 440 |
_x _917057 |
||
| 490 | _aიურიდიული ფსიქოლოგია | ||
| 653 | _aმოწმეთა ჩვენება | ||
| 653 | _aიურიდიული (სასამართლო) | ||
| 653 | _aფსიქოლოგია. | ||
| 700 |
_aდოლიძე, გიორგი _eმთარგმნელი _99300 |
||
| 942 |
_2udc _cBK |
||